| 000 | 00798nam a22002537a 4500 | ||
|---|---|---|---|
| 003 | OSt | ||
| 008 | 260624b |||||||| |||| 00| 0 eng d | ||
| 020 | _a9788170196242 | ||
| 082 |
_a632.96 _bK45B |
||
| 245 |
_aBio-Intensive Approaches: _bApplication and Effectiveness in plant Disease Management _cEditers- Khan, Mujeebur R. |
||
| 260 |
_aNew Delhi _bTTPP, New Delhi _c2019 |
||
| 300 | _a609 p. | ||
| 650 | _aPlant diseases Biological control. | ||
| 650 | _aSustainable agriculture Evaluation. | ||
| 650 | _aPlant diseases, Prevention and control, Environmental aspects. | ||
| 700 | _aMukhopadhyay, A.N. | ||
| 700 | _aPandey, R.N. | ||
| 700 | _aThakur, M.P. | ||
| 700 | _aSingh, Dinesh | ||
| 700 | _aSiddiqui, M.A. | ||
| 700 | _aMd. Akram, | ||
| 700 | _aHaque, Z. | ||
| 942 |
_2ddc _cBK |
||
| 999 |
_c52276 _d52276 |
||